000 00905nab a2200265 u 4500
001 11301
003 HDC
007 cr bn ---aaaaa
008 210206c9999 |r|noo 0 a eng d
040 _aHDC
100 _aPelone, Ruel
_eauthor
_911607
245 0 _aM'danao seen as main exporter of halal foods / by
_cRuel Pelone
260 _a[no place] :
_b[publisher not identified],
_c[no year]
336 _atext
_2rdacontent
337 _acomputer
_2rdamedia
338 _aonline resource
_2rdacarrier
650 _aexport-quality halal products
_911608
650 _aHalal food
_950
650 _ahalal industry
_9144
710 _aBusinessWeek Mindanao Online
856 _zRequest full-text at [email protected]
942 _2lcc
942 _cNEWS
942 _kNWSO 001306
999 _c8624
_d8624